| 000 | 01166nam a2200277 a 4500 | ||
|---|---|---|---|
| 001 | 36833 | ||
| 003 | BD-RjUL | ||
| 005 | 20211209052540.0 | ||
| 008 | 140915r20072006enka b 001 0 eng | ||
| 020 | _a1842653008 (hbk.) | ||
| 020 | _a9781842653005 (hbk.) | ||
| 029 | 1 |
_aYDXCP _b2246578 |
|
| 035 | _a(OCoLC)64966107 | ||
| 040 |
_aUKM _cUKM _dBAKER _dBWKUK _dCLU _dYDXCP _dMYG _dOrLoB-B _beng |
||
| 041 | _aeng | ||
| 082 | 0 | 4 |
_a572.80285 _222 |
| 100 | 1 |
_aGautham, N. _9112354 |
|
| 245 | 1 | 0 |
_aBioinformatics : _bdatabases and algorithms / _cN. Gautham. |
| 260 |
_aOxford : _bAlpha Science, _cc2006 [Reprinted 2007] |
||
| 300 |
_axii, 248 p. : _bill. ; _c25 cm. |
||
| 504 | _aIncludes bibliographical references (p. [240]-242) and index. | ||
| 505 | 0 | 0 |
_tIntroduction -- _tData types and databases in molecular biology -- _tSequence alignment -- _tMultiple alignment, substitution matrices and phylogenetic trees -- _tProtein and DNA sequence analyses -- _tDetermination and analysis of molecular structures -- _tProtein structure prediction and protein folding -- _tNucleic acid structure. |
| 650 | 0 |
_aBioinformatics. _91480 |
|
| 942 |
_2ddc _cBK |
||
| 999 |
_c36833 _d36833 |
||